|
|
|
|
| LEADER |
00863nam a22002412a 4500 |
| 001 |
001145344 |
| 003 |
CZ BrMZK |
| 005 |
20110718080844.0 |
| 007 |
ta |
| 008 |
110420s1981 xo er|||||||||||hun d |
| 040 |
|
|
|a ABA001
|b cze
|d ABA001
|d BOA001
|
| 080 |
9 |
|
|a 809.451.1(076.5):373.3
|
| 100 |
1 |
|
|a Simonné Lipták, Rózsa
|4 aut
|
| 245 |
1 |
0 |
|a Magyar nyelvi gyakorlatok az általános iskola 5. osztálya számára :
|b nem kötelezö tantárgy /
|c Rózsa Simoné Lipták , Anna T. Vargané a Sándor Szenk
|
| 250 |
|
|
|a 1. kiad.
|
| 260 |
|
|
|a Bratislava :
|b Slovenské pedagogické nakladateľstvo,
|c 1981
|
| 300 |
|
|
|a 125 s. ;
|c 8°
|
| 700 |
1 |
|
|a Vargané, Anna T.
|4 aut
|
| 700 |
1 |
|
|a Szenk, Sándor
|4 aut
|
| 910 |
|
|
|a BOA001
|b 2-0830.660
|
| 990 |
|
|
|a BK
|
| 991 |
|
|
|b 201104
|
| 996 |
7 |
|
|b 2619397769
|c 2-0830.660
|l MZK
|r Sklad / do 1 hodiny
|n 0
|w 001177829
|u 000010
|a 1
|e BOA001
|j MZK50
|s A
|